America in the age of the titans : the Progressive Era and World War I /

Bibliographic Details
Main Author: Cashman, Sean Dennis
Format: Book
Language:English
Published: New York : New York University Press, [1988]
Subjects:

MARC

Tag First Indicator Second Indicator Subfields
LEADER 00000cam a2200000 a 4500
001 in00000032382
005 20151007060513.0
008 871124s1988 nyua b 00110 eng
010 |a  87031563  
020 |a 0814714102 (alk. paper) :  |c $40.00 
020 |a 0814714110 (pbk. : alk. paper) :  |c $17.00 
035 |a (OCoLC)17234055 
035 |9 AAC1004AM 
040 |a DLC  |c DLC  |d TXA  |d UtOrBLW 
043 |a n-us--- 
049 |a TXAM  |c [A11508555] 
050 0 0 |a E741  |b .C27 1988 
082 0 |a 973.91  |2 19 
100 1 |a Cashman, Sean Dennis. 
245 1 0 |a America in the age of the titans :  |b the Progressive Era and World War I /  |c Sean Dennis Cashman. 
264 1 |a New York :  |b New York University Press,  |c [1988] 
264 4 |c ©1988 
300 |a xvi, 605 pages :  |b illustrations ;  |c 23 cm. 
336 |a text  |b txt  |2 rdacontent 
337 |a unmediated  |b n  |2 rdamedia 
338 |a volume  |b nc  |2 rdacarrier 
504 |a Bibliography: pages [546]-575. 
500 |a Includes index. 
651 0 |a United States  |x History  |y 1901-1953. 
650 0 |a World War, 1914-1918  |z United States. 
650 0 |a Progressivism (United States politics) 
999 |a MARS 
999 f f |s d9a1baf3-dbbd-3590-b78e-fe3f33cfe986  |i 5b62454f-76bd-303e-83d0-f35490fa78fb  |t 0 
952 f f |p ric  |a Texas A&M University  |b Rellis Campus  |c Joint Library Facility  |d Remote Storage  |t 0  |e E741 .C27 1988  |h Library of Congress classification  |i unmediated -- volume  |m A14811508555 
998 f f |a E741 .C27 1988  |t 0  |l Remote Storage